Characters in John Pork Lore - Sudden Death - Statistics

General Stats
  • This quiz has been taken 944 times
    758 since last reset
  • The average score is 5 of 12
Answers on the Grid
Answers color-coded by a green-red scale on the quiz's grid according to % correct below.
John Pork
Tim Cheese
Justin Cheddar
Simon Claw
Agent 5.5
Agent 5.6
Pengu
Tina Cheese
Bob Bacon
Marvin Beak
Simun-Klau
Biggie Cheese
Bombardilo Crocodilo
Mike Mutton
Buffalo Beel
Jay Brothers
Jason Fang
Peter Paw
Silas Viper
Ethan Snout
Chinchilla Gorilla
Virgil Viper
Lola Pork
Hank Grizzle
Tiny Todd
Gorilla Gus
Adam Crow
Gustavo Long Neck
Rex Fang
Damien Claw
 
Answer Stats
Answer % Correct
John Pork
69%
Tim Cheese
63%
Agent 5.5
50%
Simon Claw
50%
Marvin Beak
47%
Pengu
39%
Tina Cheese
35%
Bob Bacon
33%
Justin Cheddar
31%
Hank Grizzle
21%
Agent 5.6
15%
Simun-Klau
10%
No matching quizzes found
Score Distribution
Percent of People with Each Score
Percentile by Number Answered
Your Score History
You have not taken this quiz since the last reset